000 00276nam a22001097a 4500
008 140716b xxu||||| |||| 00| 0 eng d
082 _a621.3815BOY
100 _aBoylestad Robert L
245 _aElectronic Devices & Circuit Theory
260 _aIndia
_bPEARSON
_c2004
942 _cBK
999 _c23274
_d23274